[Event "Bundesliga 2021-22"]
[Site "Dusseldorf GER"]
[Date "2022.05.29"]
[Round "10.8"]
[Board "6"]
[White "Jakubowski, Krzysztof"]
[Black "Lemmers, Oscar"]
[Result "1/2-1/2"]
[WhiteTitle "GM"]
[BlackTitle "IM"]
[WhiteElo "2475"]
[BlackElo "2337"]
[WhiteTeam "SF Berlin"]
[BlackTeam "Aachener SV"]
[WhiteFideId "1112848"]
[BlackFideId "1002759"]
[EventDate "2022.03.05"]

1. e4 c5 2. Nc3 e6 3. Nge2 a6 4. g3 b5 5. Bg2 Bb7 6. O-O d6 7. d4 cxd4 8. Nxd4
Nd7 9. Re1 Qc7 10. a4 bxa4 11. Rxa4 Be7 12. Nb3 Rb8 13. Qe2 Ngf6 14. Na5 Nc5 15.
Ra2 Ba8 16. e5 dxe5 17. Bxa8 Rxa8 18. Qxe5 Bd6 19. Qe2 O-O 20. Nc4 Be7 21. Bf4
Qb7 22. Na5 Qb6 23. Qf3 Rfc8 24. Nc4 Qb4 25. Ne5 Qb6 26. Rd1 h6 27. h4 Qb7 28.
Kg2 Nfe4 29. Nxe4 Qxe4 30. Qxe4 Nxe4 31. c3 g5 1/2-1/2

[Event "Bundesliga 2021-22"]
[Site "Dusseldorf GER"]
[Date "2022.05.29"]
[Round "10.8"]
[Board "7"]
[White "Klein, Felix"]
[Black "Schmidek, Emil"]
[Result "1/2-1/2"]
[WhiteTitle "FM"]
[BlackTitle "FM"]
[WhiteElo "2266"]
[BlackElo "2383"]
[WhiteTeam "Aachener SV"]
[BlackTeam "SF Berlin"]
[WhiteFideId "24600458"]
[BlackFideId "12908150"]
[EventDate "2022.03.05"]

1. e4 c6 2. d4 d5 3. Nc3 dxe4 4. Nxe4 Bf5 5. Ng3 Bg6 6. h4 h6 7. Nf3 Nd7 8. h5
Bh7 9. Bd3 Bxd3 10. Qxd3 e6 11. Bd2 Ngf6 12. O-O-O Be7 13. Kb1 Qb6 14. Nh4 O-O-O
15. c4 Rhe8 16. Bc3 Qa6 17. Qe2 b5 18. cxb5 Qxb5 19. Qc2 Nb6 20. Nf3 Ng4 21. Rc1
Kb7 22. Rhd1 Nd5 23. Be1 Rb8 24. Ne4 Ka8 25. Qxc6+ Qxc6 26. Rxc6 Ba3 27. Rc2 Nf4
28. g3 f5 29. Nc5 Nd5 30. Rd3 Bb4 31. Rb3 Bxe1 32. Rxb8+ Kxb8 33. Nxe1 Ngf6 34.
Re2 Nc7 35. Ned3 Nxh5 36. Ne5 Nb5 37. d5 Nf6 38. Nc6+ Kc7 39. Rxe6 Rxe6 40.
Nxe6+ Kd6 41. Nxg7 f4 42. a4 Nc7 43. gxf4 a6 44. Nf5+ Kxd5 45. Nb4+ Kc4 46. Nxa6
Nxa6 47. Nxh6 Kb4 48. f3 Nc5 49. Ng4 Nfd7 50. f5 Nxa4 51. f6 Kb3 52. f7 Nxb2 53.
Ne5 Nf8 54. f4 Nc4 55. Nxc4 1/2-1/2

[Event "Bundesliga 2021-22"]
[Site "Dusseldorf GER"]
[Date "2022.05.29"]
[Round "10.8"]
[Board "8"]
[White "Lauber, Arnd"]
[Black "Sonntag, Hans-Hubert"]
[Result "1/2-1/2"]
[WhiteTitle "IM"]
[BlackTitle "IM"]
[WhiteElo "2411"]
[BlackElo "2327"]
[WhiteTeam "SF Berlin"]
[BlackTeam "Aachener SV"]
[WhiteFideId "4632630"]
[BlackFideId "4601025"]
[EventDate "2022.03.05"]

1. d4 Nf6 2. c4 g6 3. Nc3 d5 4. cxd5 Nxd5 5. e4 Nxc3 6. bxc3 Bg7 7. Bc4 c5 8.
Ne2 Nc6 9. Be3 O-O 10. O-O Bg4 11. f3 Na5 12. Bd3 cxd4 13. cxd4 Be6 14. d5 Bxa1
15. Qxa1 f6 16. Qd4 Bd7 17. e5 e6 18. Nf4 Qb6 19. dxe6 Qxd4 20. Bxd4 fxe5 21.
Bxe5 Rxf4 1/2-1/2

[Event "Bundesliga 2021-22"]
[Site "Berlin GER"]
[Date "2022.07.07"]
[Round "11.1"]
[Board "1"]
[White "Piorun, Kacper"]
[Black "Nisipeanu, Liviu-Dieter"]
[Result "1/2-1/2"]
[WhiteTitle "GM"]
[BlackTitle "GM"]
[WhiteElo "2640"]
[BlackElo "2652"]
[WhiteTeam "SF Berlin"]
[BlackTeam "USV TU Dresden"]
[WhiteFideId "1130420"]
[BlackFideId "1202758"]
[EventDate "2022.03.05"]

1. d4 Nf6 2. c4 e6 3. g3 c5 4. d5 exd5 5. cxd5 d6 6. Nc3 g6 7. Bg2 Bg7 8. Nf3
O-O 9. O-O a6 10. a4 Re8 11. Re1 Nbd7 12. Qc2 Rb8 13. Bf4 Qc7 14. a5 b5 15. axb6
Rxb6 16. h3 Rb4 17. e4 Qb8 18. Rab1 a5 19. Bf1 h6 20. Nd2 g5 1/2-1/2

[Event "Bundesliga 2021-22"]
[Site "Berlin GER"]
[Date "2022.07.07"]
[Round "11.1"]
[Board "2"]
[White "Bartel, Mateusz"]
[Black "Schroeder, Jan-Christian"]
[Result "1-0"]
[WhiteTitle "GM"]
[BlackTitle "GM"]
[WhiteElo "2616"]
[BlackElo "2564"]
[WhiteTeam "USV TU Dresden"]
[BlackTeam "SF Berlin"]
[WhiteFideId "1112635"]
[BlackFideId "24662259"]
[EventDate "2022.03.05"]

1. e4 d5 2. exd5 Qxd5 3. Nc3 Qa5 4. g3 Nf6 5. Bg2 Nc6 6. Nge2 Bd7 7. d3 O-O-O 8.
h3 e5 9. Bd2 Qb6 10. a4 Nd4 11. O-O Bc6 12. a5 Qa6 13. Nxd4 Bxg2 14. Kxg2 exd4
15. Ne4 Qc6 16. a6 b6 17. Qf3 Nxe4 18. Rfe1 Re8 19. dxe4 Bd6 20. c3 dxc3 21.
Bxc3 f6 22. Rac1 Qa4 23. e5 fxe5 24. Bxe5 Bxe5 25. Rxe5 Rxe5 26. Qb7+ Kd7 27.
Qxc7+ Ke6 28. Rc6+ Qxc6+ 29. Qxc6+ Kf7 30. Qd7+ 1-0

[Event "Bundesliga 2021-22"]
[Site "Berlin GER"]
[Date "2022.07.07"]
[Round "11.1"]
[Board "3"]
[White "Tomczak, Jacek"]
[Black "Pechac, Jergus"]
[Result "1/2-1/2"]
[WhiteTitle "GM"]
[BlackTitle "GM"]
[WhiteElo "2584"]
[BlackElo "2599"]
[WhiteTeam "SF Berlin"]
[BlackTeam "USV TU Dresden"]
[WhiteFideId "1124668"]
[BlackFideId "14926970"]
[EventDate "2022.03.05"]

1. e4 e5 2. Nf3 Nc6 3. Bb5 Nge7 4. Nc3 Ng6 5. a3 Nd4 6. Bc4 d5 7. Nxd5 Bg4 8. c3
Nxf3+ 9. gxf3 Bh5 10. Be2 c6 11. Ne3 Nf4 12. d3 Qf6 13. Ng4 Bxg4 14. fxg4 Bc5
15. Bxf4 Qxf4 16. Rf1 Qxh2 17. Qd2 Rd8 18. Qg5 O-O 19. Rd1 g6 20. Bf3 Rfe8 21.
Qd2 Qh3 22. Ke2 Qh4 23. b4 Bb6 24. Qe1 Rd6 25. Rh1 Qd8 26. Rh3 Re7 27. Qd2 Red7
28. Qh6 f6 29. Kf1 Rf7 30. Ke2 c5 31. Rdh1 f5 32. gxf5 gxf5 33. Rg1+ Kh8 34. Qg5
cxb4 35. Qxd8+ Rxd8 36. axb4 fxe4 37. Bxe4 Rxf2+ 38. Ke1 Rf7 39. Rgh1 Rdd7 40.
Ke2 Rc7 1/2-1/2

[Event "Bundesliga 2021-22"]
[Site "Berlin GER"]
[Date "2022.07.07"]
[Round "11.1"]
[Board "4"]
[White "Vogel, Roven"]
[Black "Kraemer, Martin"]
[Result "1/2-1/2"]
[WhiteTitle "IM"]
[BlackTitle "GM"]
[WhiteElo "2447"]
[BlackElo "2584"]
[WhiteTeam "USV TU Dresden"]
[BlackTeam "SF Berlin"]
[WhiteFideId "12908088"]
[BlackFideId "4671910"]
[EventDate "2022.03.05"]

1. d4 Nf6 2. c4 e6 3. Nf3 d5 4. Nc3 c6 5. g3 dxc4 6. Bg2 b5 7. Ne5 a6 8. O-O Bb7
9. a4 Be7 10. axb5 axb5 11. Rxa8 Bxa8 12. Nxb5 cxb5 13. Bxa8 O-O 14. Bg2 Qc7 15.
e3 Nbd7 16. Nxd7 Qxd7 17. Bd2 Nd5 18. Qa1 Rc8 19. Qa6 g6 20. Rd1 c3 21. bxc3
Nxc3 22. Ra1 b4 23. Qb6 Qb5 24. Qxb5 Nxb5 25. Bxb4 Bxb4 26. Rb1 Nxd4 27. Rxb4
Rc1+ 28. Bf1 Nf3+ 29. Kg2 Ne1+ 30. Kg1 Kg7 31. h4 h6 32. Rc4 Rb1 33. Be2 g5 34.
hxg5 hxg5 35. f4 Nd3+ 36. Kg2 Rb2 37. Kf1 Rb1+ 38. Kg2 Rb2 39. Kf1 Rb1+ 1/2-1/2

[Event "Bundesliga 2021-22"]
[Site "Berlin GER"]
[Date "2022.07.07"]
[Round "11.1"]
[Board "5"]
[White "Gumularz, Szymon"]
[Black "Druska, Juraj"]
[Result "1/2-1/2"]
[WhiteTitle "GM"]
[BlackTitle "IM"]
[WhiteElo "2539"]
[BlackElo "2503"]
[WhiteTeam "SF Berlin"]
[BlackTeam "USV TU Dresden"]
[WhiteFideId "1188062"]
[BlackFideId "14915650"]
[EventDate "2022.03.05"]

1. d4 Nf6 2. c4 e6 3. Nf3 d5 4. Nc3 c5 5. cxd5 Nxd5 6. e4 Nxc3 7. bxc3 cxd4 8.
cxd4 Bb4+ 9. Bd2 Bxd2+ 10. Qxd2 O-O 11. Bc4 Nd7 12. O-O b6 13. Rfe1 Bb7 14. Rad1
Rc8 15. Bb3 Re8 16. h3 Qf6 17. Re3 Qf4 18. Bc2 b5 19. Bd3 a6 20. Qe2 h6 21. e5
Nf8 22. g3 Bxf3 23. Rxf3 Qg5 24. Kh2 Rc7 25. Bc2 Qh5 26. Kg2 Ng6 27. Qe4 Rec8
28. Bb3 a5 1/2-1/2

[Event "Bundesliga 2021-22"]
[Site "Berlin GER"]
[Date "2022.07.07"]
[Round "11.1"]
[Board "6"]
[White "Boensch, Uwe"]
[Black "Jakubowski, Krzysztof"]
[Result "1/2-1/2"]
[WhiteTitle "GM"]
[BlackTitle "GM"]
[WhiteElo "2494"]
[BlackElo "2475"]
[WhiteTeam "USV TU Dresden"]
[BlackTeam "SF Berlin"]
[WhiteFideId "4611268"]
[BlackFideId "1112848"]
[EventDate "2022.03.05"]

1. d4 Nf6 2. c4 e6 3. Nf3 d5 4. Nc3 Bb4 5. Qa4+ Nc6 6. e3 O-O 7. Bd2 a6 8. Qc2
Re8 9. a3 Bf8 10. h3 e5 11. dxe5 Nxe5 12. cxd5 Nxd5 13. O-O-O Nxf3 14. gxf3 Nb6
15. h4 Re5 16. e4 Bd7 17. f4 Ra5 18. Be3 Qe8 19. Rg1 Bc6 20. Rg5 Rxg5 21. hxg5
Na4 22. Nd5 Bxd5 23. Rxd5 b5 24. Bh3 c5 25. b3 Nb6 26. Re5 Qc6 27. Bxc5 Nd7 28.
Bxd7 Qxd7 29. Bxf8 Rxf8 30. Rd5 Qg4 31. Qd2 Qf3 32. Qe3 Qh1+ 33. Kb2 g6 34. Rd4
Re8 35. Qd2 Qf3 36. Qe3 Qg2 37. e5 Qg4 38. Qd2 Qf3 39. Rd6 a5 40. Rd8 Rxd8 41.
Qxd8+ Kg7 42. Qf6+ Kg8 43. Qd8+ Kg7 44. Qd2 a4 45. Qe3 Qd5 46. bxa4 bxa4 47. Kc3
Qb5 48. Qd4 Qb3+ 49. Kd2 Kg8 50. Qb4 Qd5+ 51. Ke3 Qd1 52. Qc3 Qd5 53. Qb4 Qd1
54. Qc3 Qd5 55. Qd3 Qc5+ 56. Ke2 Kg7 57. Qe3 Qc2+ 58. Kf1 Qc4+ 59. Kg2 Qd5+ 60.
Kh2 Kg8 61. Qc3 Qb3 62. Qc5 Qf3 63. Qe3 Qd5 64. Kg3 Qc4 65. Kg2 1/2-1/2

[Event "Bundesliga 2021-22"]
[Site "Berlin GER"]
[Date "2022.07.07"]
[Round "11.1"]
[Board "7"]
[White "Hess, Max"]
[Black "Richter, Philipp"]
[Result "1-0"]
[WhiteTitle "FM"]
[WhiteElo "2392"]
[BlackElo "2225"]
[WhiteTeam "SF Berlin"]
[BlackTeam "USV TU Dresden"]
[WhiteFideId "24656666"]
[BlackFideId "16219929"]
[EventDate "2022.03.05"]

1. Nf3 Nf6 2. g3 d5 3. Bg2 g6 4. O-O Bg7 5. d4 O-O 6. c4 c6 7. b3 Bf5 8. Bb2
Nbd7 9. cxd5 cxd5 10. Nc3 Nb6 11. Ne5 Ne4 12. e3 Rc8 13. Rc1 Nxc3 14. Bxc3 Qd6
15. Qd2 Nd7 16. g4 Rxc3 17. Qxc3 Nxe5 18. gxf5 Ng4 19. Qc7 Qa6 20. Qxe7 gxf5 21.
Qg5 Qe6 22. Bh3 Kh8 23. Bxg4 fxg4 24. Rc5 f5 25. Rc7 Bh6 26. Qe7 Qg6 27. Rfc1 f4
28. exf4 Qf5 29. Rxb7 Rg8 30. Qe5+ Qxe5 31. dxe5 Bxf4 32. Rcc7 1-0

[Event "Bundesliga 2021-22"]
[Site "Berlin GER"]
[Date "2022.07.07"]
[Round "11.1"]
[Board "8"]
[White "Lutz, Ruben"]
[Black "Schmidek, Emil"]
[Result "0-1"]
[BlackTitle "FM"]
[WhiteElo "2109"]
[BlackElo "2383"]
[WhiteTeam "USV TU Dresden"]
[BlackTeam "SF Berlin"]
[WhiteFideId "12975974"]
[BlackFideId "12908150"]
[EventDate "2022.03.05"]

1. d4 d5 2. c4 e6 3. Nf3 Nf6 4. g3 dxc4 5. Bg2 c6 6. Ne5 Bb4+ 7. Nc3 Nd5 8. Bd2
Nb6 9. a3 Be7 10. Bf4 f6 11. Nf3 Nd5 12. Bd2 O-O 13. O-O c5 14. dxc5 Bxc5 15.
Rc1 Nb6 16. Ne4 Be7 17. Be3 Nc6 18. Qc2 Nd5 19. Qxc4 Nxe3 20. fxe3 Qb6 21. Nd4
Ne5 22. Qc7 Bd8 23. Qxb6 Bxb6 24. h3 Nc6 25. Nxc6 Bxe3+ 26. Kh1 Bxc1 27. Ne7+
Kf7 28. Nxc8 Raxc8 29. Nd6+ Ke7 30. Nxc8+ Rxc8 31. Bxb7 Rc7 32. Ba6 Bxb2 33. a4
Be5 34. Kg2 Bd4 35. Rb1 Bb6 36. g4 Kd6 37. Bd3 g6 38. Rb5 f5 39. a5 Bd4 40. a6
Bb6 41. Rb4 Ke5 42. Rc4 Re7 43. Kf3 Kf6 44. Kg3 Bc7+ 45. Kf3 h5 46. Bc2 Bb6 47.
Kg3 Bc7+ 48. Kf3 Rf7 49. gxf5 gxf5 50. Rc6 Ke5 51. Bb3 Bd6 52. Rc8 Rg7 53. Rh8
Rc7 54. Ba2 Rc3+ 55. Kf2 Bc5+ 56. Ke1 Be3 57. Rd8 Rc6 58. Rd3 f4 59. Bb3 Rxa6
60. Kf1 Ra1+ 61. Kg2 Rg1+ 62. Kh2 Rg3 63. Bc2 Bg1+ 64. Kh1 Rxd3 65. Bxd3 Be3 66.
Ba6 Kd4 67. Kg2 e5 68. Kf1 h4 69. Ke1 Bc1 70. Kd1 Ba3 71. Kc2 Ke3 72. Kb3 Bf8
73. Kc2 e4 74. Kd1 Bb4 75. Kc1 f3 76. exf3 exf3 77. Kc2 Kf2 78. Kd3 Kg1 0-1

[Event "Bundesliga 2021-22"]
[Site "Berlin GER"]
[Date "2022.07.07"]
[Round "11.2"]
[Board "1"]
[White "Rabiega, Robert"]
[Black "Postny, Evgeny"]
[Result "0-1"]
[WhiteTitle "GM"]
[BlackTitle "GM"]
[WhiteElo "2505"]
[BlackElo "2568"]
[WhiteTeam "SK Koenig Tegel"]
[BlackTeam "BCA Augsburg"]
[WhiteFideId "4601475"]
[BlackFideId "2804344"]
[EventDate "2022.03.05"]

1. e4 c6 2. d4 d5 3. exd5 cxd5 4. Bd3 Nf6 5. h3 Nc6 6. c3 e5 7. dxe5 Nxe5 8. Nf3
Nxd3+ 9. Qxd3 Bd6 10. O-O O-O 11. Be3 Be6 12. Nbd2 Qd7 13. Rfe1 Bf5 14. Qf1 a6
15. Nd4 Bg6 16. f4 Ne4 17. Nxe4 Bxe4 18. Rad1 Rfe8 19. Qf2 Qc7 20. Rd2 Re7 21.
Rde2 Rae8 22. Bc1 h6 23. Kh2 Kh7 24. g3 Qc4 25. a3 Qc8 26. Re3 b5 27. Qe2 Bc5
28. Rd1 Qb7 29. Qg4 Kh8 30. Rde1 a5 31. b4 Bxd4 32. cxd4 Rc8 33. R3e2 f5 34. Qh5
Rec7 35. Be3 a4 36. g4 Rc3 37. g5 Kh7 38. Rg1 Qc6 39. gxh6 Qxh6 0-1

[Event "Bundesliga 2021-22"]
[Site "Berlin GER"]
[Date "2022.07.07"]
[Round "11.2"]
[Board "2"]
[White "Prusikin, Michael"]
[Black "Bruedigam, Martin"]
[Result "1-0"]
[WhiteTitle "GM"]
[BlackTitle "IM"]
[WhiteElo "2541"]
[BlackElo "2386"]
[WhiteTeam "BCA Augsburg"]
[BlackTeam "SK Koenig Tegel"]
[WhiteFideId "4642325"]
[BlackFideId "24608033"]
[EventDate "2022.03.05"]

1. d4 Nf6 2. c4 e6 3. Nf3 d5 4. e3 Be7 5. b3 O-O 6. Bd3 c5 7. O-O dxc4 8. bxc4
b6 9. e4 Bb7 10. d5 exd5 11. cxd5 Nxd5 12. exd5 Bf6 13. Nc3 Bxc3 14. Bxh7+ Kh8
15. Be4 Bf6 16. Ng5 g6 17. Qg4 Bxa1 18. Qh3+ Kg7 19. Qh7+ Kf6 20. Nxf7 Rxf7 21.
Qh4+ Kg7 22. Bh6+ Kh7 23. Bg5+ Kg8 24. Bxd8 Bd4 25. Bxg6 Rg7 26. Re1 Nd7 27.
Re8+ Nf8 28. Qf4 Rxg6 29. Qxf8+ Kh7 30. Qf7+ 1-0

[Event "Bundesliga 2021-22"]
[Site "Berlin GER"]
[Date "2022.07.07"]
[Round "11.2"]
[Board "3"]
[White "Fruebing, Stefan"]
[Black "Nestorovic, Nikola"]
[Result "0-1"]
[WhiteTitle "IM"]
[BlackTitle "GM"]
[WhiteElo "2374"]
[BlackElo "2456"]
[WhiteTeam "SK Koenig Tegel"]
[BlackTeam "BCA Augsburg"]
[WhiteFideId "4682165"]
[BlackFideId "934526"]
[EventDate "2022.03.05"]

1. e4 c5 2. Nf3 Nc6 3. Bb5 g6 4. Bxc6 dxc6 5. d3 Qc7 6. h3 e5 7. Be3 Nf6 8. O-O
h6 9. Nh2 g5 10. g4 Be6 11. b3 Be7 12. Nc3 h5 13. f3 hxg4 14. hxg4 O-O-O 15. Kg2
Nd7 16. Ne2 Nf8 17. Rh1 Ng6 18. Qg1 b6 19. Bf2 Bf6 20. Nf1 Nf4+ 21. Nxf4 exf4
22. Rd1 Qe5 23. Rxh8 Bxh8 24. Rd2 Qb2 25. c4 Qc1 26. Bxc5 Bc3 27. Bxb6 Bxd2 28.
Qc5 Bd7 29. Bxd8 Kxd8 30. Qxa7 Bc3 31. Qf2 Qd1 32. Qb6+ Ke8 33. Qf2 Qxd3 34. Kh3
Bd4 35. Qg2 c5 36. Kh2 Ke7 37. Nd2 Be6 38. Nf1 Kd7 39. Kh3 Kc6 40. Kh2 Kb6 41.
Kh3 Be3 42. Kh2 Ka5 0-1

[Event "Bundesliga 2021-22"]
[Site "Berlin GER"]
[Date "2022.07.07"]
[Round "11.2"]
[Board "4"]
[White "Rozentalis, Eduardas"]
[Black "Mueller, Nick"]
[Result "1-0"]
[WhiteTitle "GM"]
[BlackTitle "FM"]
[WhiteElo "2539"]
[BlackElo "2375"]
[WhiteTeam "BCA Augsburg"]
[BlackTeam "SK Koenig Tegel"]
[WhiteFideId "12800023"]
[BlackFideId "24692093"]
[EventDate "2022.03.05"]

1. e4 c6 2. d4 d5 3. exd5 cxd5 4. Bd3 Nf6 5. Ne2 Nc6 6. O-O Nb4 7. Bb5+ Bd7 8.
c4 dxc4 9. Bxc4 Rc8 10. Qb3 e6 11. Bg5 b5 12. Bd3 Bc6 13. Nd2 Nxd3 14. Qxd3 Be7
15. Bxf6 Bxf6 16. Ne4 O-O 17. Nxf6+ Qxf6 18. Qe3 Rfd8 19. Rac1 b4 20. Rc4 Bb5
21. Rxb4 Bxe2 22. Qxe2 Rxd4 23. Rxd4 Qxd4 24. Rd1 Qa4 25. b3 Qc6 26. g3 g6 27.
h4 h5 28. Kh2 Re8 29. Rd4 Qc5 30. Rc4 Qf5 31. Qe3 a6 32. Kg2 Rd8 33. Qf3 Rd5 34.
Rf4 Qd3 35. Rxf7 Qxf3+ 36. Rxf3 Rd2 37. a3 Kg7 38. b4 Ra2 39. Kf1 e5 40. Rc3 e4
41. Ke1 Kh6 42. f3 exf3 43. Rxf3 Rb2 44. Kd1 a5 45. Kc1 Re2 46. b5 Re6 47. Rb3 1-0

[Event "Bundesliga 2021-22"]
[Site "Berlin GER"]
[Date "2022.07.07"]
[Round "11.2"]
[Board "5"]
[White "Von Herman, Ulf"]
[Black "Arnaudov, G. Petar"]
[Result "0-1"]
[WhiteTitle "IM"]
[BlackTitle "GM"]
[WhiteElo "2349"]
[BlackElo "2469"]
[WhiteTeam "SK Koenig Tegel"]
[BlackTeam "BCA Augsburg"]
[WhiteFideId "4608500"]
[BlackFideId "2907127"]
[EventDate "2022.03.05"]

1. d4 Nf6 2. c4 e6 3. Nf3 Bb4+ 4. Nc3 Nc6 5. Bg5 h6 6. Bd2 d6 7. d5 Bxc3 8. Bxc3
Nb8 9. dxe6 fxe6 10. Qc2 O-O 11. g4 Nxg4 12. Bxg7 Kxg7 13. Rg1 e5 14. h3 Bf5 15.
Qb3 Nc6 16. O-O-O Qd7 17. Nh2 Nd4 18. Qc3 Kh7 19. Nxg4 Bxg4 20. Rxg4 Rxf2 21.
Qd3+ Qf5 22. e3 Rxf1 23. Qxf5+ Rxf5 24. exd4 Rg8 25. c5 d5 0-1

[Event "Bundesliga 2021-22"]
[Site "Berlin GER"]
[Date "2022.07.07"]
[Round "11.2"]
[Board "6"]
[White "Stankovic, Milos"]
[Black "Rietze, Clemens"]
[Result "1-0"]
[WhiteTitle "IM"]
[BlackTitle "FM"]
[WhiteElo "2435"]
[BlackElo "2279"]
[WhiteTeam "BCA Augsburg"]
[BlackTeam "SK Koenig Tegel"]
[WhiteFideId "938190"]
[BlackFideId "24620351"]
[EventDate "2022.03.05"]

1. e4 c6 2. d4 d5 3. e5 Bf5 4. Nf3 e6 5. Be2 Ne7 6. O-O Ng6 7. Be3 Nd7 8. Nbd2
f6 9. c4 fxe5 10. dxe5 Ngxe5 11. Nd4 Bc5 12. cxd5 cxd5 13. Nxf5 exf5 14. Bxc5
Nxc5 15. Bb5+ Kf7 16. Rc1 Rc8 17. b4 Ne6 18. Re1 Rxc1 19. Qxc1 Qf6 20. f4 Ng4
21. Nf3 Nd4 22. Qc5 Nxf3+ 23. gxf3 Qh4 24. Re2 a6 25. Qxd5+ Kg6 26. fxg4 1-0

[Event "Bundesliga 2021-22"]
[Site "Berlin GER"]
[Date "2022.07.07"]
[Round "11.2"]
[Board "7"]
[White "Giemsa, Stephan"]
[Black "Braeuer, Franz"]
[Result "0-1"]
[WhiteTitle "FM"]
[BlackTitle "IM"]
[WhiteElo "2281"]
[BlackElo "2428"]
[WhiteTeam "SK Koenig Tegel"]
[BlackTeam "BCA Augsburg"]
[WhiteFideId "4606884"]
[BlackFideId "24634468"]
[EventDate "2022.03.05"]

1. d4 Nf6 2. Nf3 d5 3. c4 e6 4. g3 Be7 5. Bg2 O-O 6. O-O c6 7. Qc2 b6 8. Nbd2
Bb7 9. e4 Na6 10. e5 Nd7 11. cxd5 Nb4 12. Qb3 Nxd5 13. Ne4 c5 14. dxc5 Nxc5 15.
Nxc5 Bxc5 16. Bg5 Qc7 17. Rac1 Rfc8 18. Rfe1 h6 19. Bd2 Qd7 20. a3 a5 21. Qd3
Rd8 22. Qc4 Ne7 23. Bc3 Rac8 24. Qg4 Nf5 25. Nd2 Bd4 26. Bxd4 Nxd4 27. Bxb7 Qxb7
28. Rxc8 Qxc8 29. Ne4 Qc2 30. b4 a4 31. Nd6 Nf5 32. Rd1 Qb3 33. Rd2 Rd7 34. Qe4
Qxa3 35. Qc6 Rd8 36. Qc7 Rf8 37. Qc4 Qa1+ 38. Kg2 Qxe5 39. Nc8 b5 40. Qc6 h5 41.
Nb6 Qe1 42. Rd3 Qxb4 43. Nd7 Qc4 44. Qf3 Re8 45. Ne5 Qc7 0-1

[Event "Bundesliga 2021-22"]
[Site "Berlin GER"]
[Date "2022.07.07"]
[Round "11.2"]
[Board "8"]
[White "Pitl, Gregory"]
[Black "Dimitrijeski, Kristian"]
[Result "1/2-1/2"]
[WhiteTitle "IM"]
[BlackTitle "CM"]
[WhiteElo "2379"]
[BlackElo "2137"]
[WhiteTeam "BCA Augsburg"]
[BlackTeam "SK Koenig Tegel"]
[WhiteFideId "4651693"]
[BlackFideId "4627229"]
[EventDate "2022.03.05"]

1. Nf3 d5 2. g3 Nf6 3. Bg2 e6 4. O-O Be7 5. d3 O-O 6. Nbd2 c5 7. e4 Nc6 8. c3
dxe4 9. dxe4 e5 10. Qc2 Qc7 11. Nc4 Be6 12. Ne3 h6 13. h3 Rad8 14. Re1 Rfe8 15.
Bf1 Bf8 16. a4 g6 17. Kh2 a6 18. Nd2 Na5 19. c4 Nc6 20. Nd5 Nxd5 21. cxd5 Nd4
22. Qc3 Bd7 23. a5 Bb5 24. Bg2 Ne2 25. Qe3 Nd4 26. Qc3 Ne2 27. Qe3 Nd4 1/2-1/2

[Event "Bundesliga 2021-22"]
[Site "Berlin GER"]
[Date "2022.07.07"]
[Round "11.3"]
[Board "1"]
[White "Van Foreest, Jorden"]
[Black "Haria, Ravi"]
[Result "1-0"]
[WhiteTitle "GM"]
[BlackTitle "GM"]
[WhiteElo "2714"]
[BlackElo "2499"]
[WhiteTeam "SG Solingen"]
[BlackTeam "Duesseldorfer SK"]
[WhiteFideId "1039784"]
[BlackFideId "415820"]
[EventDate "2022.03.05"]

1. Nf3 d5 2. g3 Nf6 3. Bg2 e6 4. O-O Be7 5. d4 O-O 6. Ne5 Nbd7 7. c4 c6 8. Nc3
Nxe5 9. dxe5 Nd7 10. cxd5 cxd5 11. e4 dxe4 12. Qh5 Qa5 13. Nxe4 Qxe5 14. Qe2 Nf6
15. Bf4 Qa5 16. Rfd1 e5 17. Bd2 Qb6 18. Be3 Qe6 19. Rac1 Bd7 20. Nxf6+ Bxf6 21.
Bxb7 Rab8 22. Rc7 Rbd8 23. Bd5 Qh3 24. Bc5 Rfe8 25. Bg2 Qg4 26. Qxg4 Bxg4 27.
Rxd8 Rxd8 28. h3 Be6 29. Rxa7 h5 30. b4 h4 31. gxh4 Bxh4 32. b5 Rd1+ 33. Kh2 Bg5
34. Be3 Bxe3 35. fxe3 Rd2 36. Kg3 Rb2 37. a4 f5 38. Re7 Bb3 39. b6 Bxa4 40. b7
e4 41. Bf1 Bc6 42. Ba6 g5 43. Rc7 Bxb7 44. Bxb7 Re2 45. Bd5+ Kh8 46. Be6 Rxe3+
47. Kg2 f4 48. Bf5 Re2+ 49. Kf1 f3 50. Re7 e3 51. Bd3 Rh2 52. Rxe3 Rxh3 53. Bf5
Rh4 54. Kf2 Kg7 55. Bd3 Rf4 56. Re6 Rf6 57. Re5 Kh6 58. Bf5 Rb6 59. Re7 g4 60.
Bxg4 Kg5 61. Bxf3 Rb2+ 62. Kg3 Rb4 63. Re5+ Kf6 64. Rc5 Ra4 65. Be2 Re4 66. Kf3
Re5 67. Rc2 Ke6 68. Bd3 Kd6 69. Kf4 Ra5 70. Be4 Rc5 71. Rd2+ Ke6 72. Rh2 Kf6 73.
Rh6+ Ke7 74. Bc6 Ra5 75. Ke4 Rc5 76. Bd5 Rc7 77. Bc6 Kd8 78. Kd5 Re7 79. Rh8+
Kc7 80. Ra8 Re1 81. Ra7+ Kb6 82. Rb7+ Ka5 83. Rb5+ Ka6 84. Kd6 Rg1 85. Rb2 Rg5
86. Bd5 Rg3 87. Bc4+ Ka7 88. Bb5 Rg6+ 89. Kc7 Rg7+ 90. Bd7 Rg6 91. Bc6 Rg7+ 92.
Kd6 Rg3 93. Rb4 Rg1 94. Bd5 Rc1 95. Bc4 Rg1 96. Kc5 Rg5+ 97. Bd5 Rg6 98. Rb7+
Ka6 99. Rh7 Rg5 100. Rh3 1-0

[Event "Bundesliga 2021-22"]
[Site "Berlin GER"]
[Date "2022.07.07"]
[Round "11.3"]
[Board "2"]
[White "Agrest, Evgenij"]
[Black "Ragger, Markus"]
[Result "1/2-1/2"]
[WhiteTitle "GM"]
[BlackTitle "GM"]
[WhiteElo "2568"]
[BlackElo "2647"]
[WhiteTeam "Duesseldorfer SK"]
[BlackTeam "SG Solingen"]
[WhiteFideId "1705024"]
[BlackFideId "1610856"]
[EventDate "2022.03.05"]

1. Nf3 Nf6 2. b3 g6 3. Bb2 Bg7 4. g3 b6 5. Bg2 Bb7 6. d4 O-O 7. c4 c5 8. d5 e6
9. Nh4 exd5 10. cxd5 Re8 11. O-O Ne4 12. Bxg7 Kxg7 13. Bxe4 Rxe4 14. Nc3 Re8 15.
Qd2 d6 16. e4 b5 17. Nxb5 Ba6 18. Qc3+ Kg8 19. Qd3 Bxb5 20. Qxb5 Rxe4 21. Rfe1
Rxe1+ 1/2-1/2